Estrategias para países en desarrollo en las negociaciones sobre agricultura de la OMC /
Gespeichert in:
| 1. Verfasser: | |
|---|---|
| Format: | Text |
| Schlagworte: | |
| Tags: |
Tag hinzufügen
Keine Tags, Fügen Sie den ersten Tag hinzu!
|
MARC
| LEADER | 00000 a a2200000 04500 | ||
|---|---|---|---|
| 001 | 13082 | ||
| 003 | |||
| 040 | |||
| 100 | |a Hoda, Anwarul | ||
| 245 | |a Estrategias para países en desarrollo en las negociaciones sobre agricultura de la OMC / |c Anwarul Hoda | ||
| 650 | |a AGRICULTURA | ||
| 650 | |a EXPORTACIONES | ||
| 650 | |a ARANCELES | ||
| 650 | |a ACUERDOS ECONOMICOS | ||
| 650 | |a PAISES EN DESARROLLO | ||
| 773 | |g volumen 6, número 1; páginas 1-3 | ||
| 999 | |c 37918 |d 37918 | ||
